000 00526nam a2200157 i 4500
001 86611
003 ES-MaACL
005 20230906175503.0
007 t|
008 041214s1976 cc ||||1| spa d
100 1 _aKim Il Sung.
_968035
245 1 0 _aSobre algunas experiencias de la labor de financiación para el campo
_b: charla, 7 de julio de 1976 /
_cKim Il Sung.
260 _aPyongyang :
_bEdiciones en Lenguas Extranjeras,
_c1976.
300 _a16 p. :
_bretr. aut. ;
_c19 cm.
852 _aES-MaACL
_j2090-F-33
_bR.96269
999 _c86611
_d86611